| 000 | 00899nam a2200253 a 4500 | ||
|---|---|---|---|
| 001 | BRCA_428 | ||
| 005 | 20190320203015.0 | ||
| 008 | 951006s1990 sp-a---##b---#001-0#spa-d | ||
| 020 | _a8476300530 | ||
| 041 | _aspa | ||
| 044 | _asp | ||
| 050 | 4 |
_aNK3780 _b.R25 1990 |
|
| 100 | 1 |
_aRada, Pravoslav _91455 |
|
| 245 | 1 | 0 |
_aLas técnicas de la cerámica _bel arte y la práctica _cPravoslav Rada ; traducción Ma. Isabel Giménez Rayo y Enggracia Lorenzo Rego. |
| 260 |
_aMadrid _bLibsa _c1990 |
||
| 300 |
_a206 p. _bil. (algunas a color) _c30 cm. |
||
| 440 | 0 |
_aColección Técnicas de arte _91456 |
|
| 500 | _aIncluye índice de láminas a color, índice de ilustraciones en blanco y negro e índice de figuras y glosario | ||
| 504 | _aBibliografía: p. 197 | ||
| 650 | 1 | 4 |
_aCerámica _91200 |
| 700 | 1 |
_aGiménez Rayo, Ma. Isabel _91457 |
|
| 700 | 1 |
_aLorenzo Rego, Enggracia _91458 |
|
| 942 |
_2lcc _cB |
||
| 999 |
_c363 _d363 |
||